000 00725nam a2200241 a 4500
001 BRL_557
005 20190320210811.0
008 030913s1950----gw-#######---#000-0#ger-#
041 _ager
044 _agw
050 4 _aML50
_b.R25 1950
100 1 _aRaimund, Ferdinand
_d1782-1852
_924288
245 1 0 _aDer Verschwender
_boriginal Zaubermärchen in drei Aufzügen
_cVon Ferdinand Raimund; Musik von Conradin Kreuker.
260 _aLeipzig
_bPhilipp Reclam Jun.
_c[1950]
300 _a85 p.
_c16 cm.
440 0 _aReclams universal Bibliothek
_v49
_924289
500 _aAu635
650 1 4 _aOpera
_923436
650 1 4 _aLibretos para operas
_923437
700 1 _aKreuker, Conradin
_924290
902 _aGRL
942 _2lcc
_cB
999 _c9369
_d9369